[Event "Wales Seniors Ch"]
[Site "?"]
[Date "2023.08.11"]
[Round "5.7"]
[White "Thomas, Roy"]
[Black "Morgan, David"]
[Result "1-0"]
[WhiteElo "1641"]
[BlackElo "1524"]
[Annotator "User"]
[PlyCount "55"]
[EventDate "2023.09.11"]
[SourceVersionDate "2023.09.17"]

1. f4 c5 2. Nf3 g6 3. e4 d5 (3... Bg7 {is a Grand Prix Sicilian}) 4. e5 (4. exd5 {2 draws, 2 Bl wins}) 4... Bg4 (4... Nc6 {main}) 5. Be2 (5. h3) 5... Nc6 {2-1-5} 6. O-O e6 7. h3 (7. c3 {3-3-8}) 7... Bxf3 8. Bxf3 h5 9. c3 Nge7 10. Na3 (10. d3 Nf5 {0-2}) 10... Nf5 11. Qe1 Be7 $17 {KomodoDragon3} 12. g3 a6 13. Nc2 Qb6 (13... c4 $17 {KD3}) 14. d3 c4+ (14... O-O-O) 15. d4 $11 Qd8 (15... Kd7) 16. Ne3 (16. Bd1 $14 {kD3}) 16... Nxe3 17. Bxe3 b5 18. Qd2 a5 19. b3 Qc7 20. bxc4 bxc4 21. Rab1 (21. Bd1 a4 22. Bc2 {and f5 is coming}) 21... Ba3 (21... Kd7 $11 {KD3}) 22. Qc2 $16 (22. Bd1 $16) 22... O-O (22... a4) 23. g4 $18 (23. f5 $18) 23... hxg4 24. hxg4 Kg7 25. f5 exf5 (25... Rh8 26. f6+ Kg8 27. Bf4 {stops Nxe5 ideas} Ra7 28. Kg2 Rb7 29. Rxb7 Qxb7 30. Rb1 Qc7 31. Qa4 $18 {KD3}) 26. gxf5 Nxe5 27. dxe5 Qxe5 28. Bd4 1-0

[Event "Wales Seniors Ch"]
[Site "?"]
[Date "2023.09.10"]
[Round "5.8"]
[White "Cooke, Mark"]
[Black "Dodington, Russell H"]
[Result "1/2-1/2"]
[WhiteElo "1413"]
[BlackElo "1435"]
[Annotator "User"]
[PlyCount "93"]
[EventDate "2023.09.11"]
[SourceVersionDate "2023.09.17"]

1. d4 Nf6 2. c4 e5 3. dxe5 Ng4 4. Nf3 (4. e3 Nxe5 5. Nh3 Ng6 6. Be2 Bb4+ 7. Bd2 Bxd2+ 8. Qxd2 d6 9. Qd4 O-O 10. Nd2 Nc6 11. Qc3 d5 {G Morris-Dodington,S Wales Winter op, Newport 2001,1-0}) 4... Bc5 5. e3 Nc6 6. Bd2 (6. a3 a5 7. Nc3 Ngxe5 8. Be2 d6 9. O-O Nxf3+ 10. Bxf3 Ne5 11. Be2 O-O 12. b3 Re8 13. Bb2 Re6 14. Ne4 Ba7 15. Ng3 Rh6 (15... Qh4) 16. Bxe5 Qh4 17. Nf5 Bxf5 18. Bg3 Qe7 19. Qd2 (19. Bf3 c6 20. b4 Bb6 $16 {Pepelea-Vaccarezza, San Mateoop 1992,0-1}) 19... Re8 (19... Bb6 $11) 20. Bf3 (20. Qxa5 $18) 20... Be4 21. Bxe4 Qxe4 22. Qxa5 Bb6 23. Qd5 $16 {F May-Dodington, Lever Hall Ebbw Vale 1998,1-0}) 6... Qe7 $6 {not a good square for the Q in this line- sometimes needed if Wh tries a Qd5, holding on to e5 for the moment} (6... Ngxe5 {main}) 7. a3 (7. Nc3 $18 {SF16}) 7... a5 8. Nc3 Ngxe5 9. Be2 (9. Nd5 {4.5-0.5}) 9... d6 10. Nd5 (10. b4 Bb6 (10... Ba7 11. b5) 11. Nd5 Qd8 12. Bc3 $18 {SF16}) 10... Qd8 11. O-O Be6 12. e4 O-O $11 13. Bc3 Nxf3+ 14. Bxf3 Ne5 15. Be2 c6 16. Nf4 Ng6 (16... Bxc4 17. Bxc4 Nxc4 $15) 17. Nxe6 fxe6 18. b4 Bb6 19. bxa5 Bxa5 20. Bb2 e5 21. Qb3 Qb6 (21... Nf4 22. Bg4 Qg5 23. Bf3 Rf7 $11 {SF16}) 22. Qa2 c5 {leaves a backward pawn on d6} (22... Qc5 $11) 23. Bc1 (23. g3 $14) 23... Qc6 24. Qc2 Nf4 25. Bg4 (25. Bxf4 Rxf4 26. g3 Rf6 27. h4 $16 {SF16}) 25... Qe8 (25... h5) 26. Rb1 Qg6 27. Qd1 (27. f3) 27... Qxe4 (27... Nxg2 28. Bf5 Ne3+ 29. Bxg6 Nxd1 30. Rxd1 hxg6 31. Rxd6 $16 {SF16}) 28. Bxf4 Rxf4 29. Be6+ Kh8 30. Qxd6 (30. Bd5 {barricading the centre pawns seems more important than taking one of them immediately} Qg6 31. Rxb7 $18 {Sf16}) 30... Raf8 (30... Qd4 31. Bd5 Raf8 $11 {SF16}) 31. Bd5 (31. Qe7 Qd4 32. Rxb7 e4 33. Rd7 Rxf2 34. Qxf8+ Rxf8+ 35. Rxd4 Rxf1+ 36. Kxf1 cxd4 37. c5 $14 {SF16}) 31... Qd4 $11 32. Rbd1 Rxf2 33. Qxf8+ Rxf8+ 34. Rxd4 Rxf1+ 35. Kxf1 exd4 36. Bxb7 {the opposite colour Bs provide the draw- Bl needs another passed pawn to win} Kg8 37. Ke2 Kf7 38. Be4 h6 39. h4 Kf6 40. g4 g5 41. Kf3 $2 {and Bl is given what he wants} (41. h5 $11 {Bl is unable to win any of Wh's pawns}) (41. hxg5+ Kxg5 42. Kf3 {likewise}) 41... gxh4 $19 {with two passed pawns, the win is provided when the K is able to get to the one blockaded by the B, and thereby win it} 42. Bd3 Kg5 (42... Ke5 {gives slightly better chances, the front h pawn will be given up to allow K entry} 43. Bf1 Bc3 44. Bh3 d3 45. Bf1 Kd4) 43. a4 h3 44. Kg3 h2 45. Kxh2 Kxg4 {should still give a win, but the g pawn is far less important than Bl K entry} (45... Kf4 46. Bf5 Ke3 47. Kg1 Ke2 {and Bl wins the B , returning to mop up more pawns}) 46. Kg2 Kf4 47. Kf2 {Bl is still winning, the second h pawn needs to advance, luring either the K or B from the barrier to the d pawn getting to d3.} (47. Kf2 h5 48. Bg6 h4 49. Ke2 (49. Bc2 h3 50. Bh7 Bc7 51. Bc2 h2 52. Kg2 Ke3 $19) 49... h3 50. Bf7 h2 51. Bd5 Kg3 52. Bh1 Kf4 53. Bg2 Ke5 54. Bf3 Kd6 55. Bd5 Bc3 56. Be4 Kc7 57. Bg2 Kb6 58. Bd5 Ka5 59. Bc6 Kb4 60. Kd3 Kb3 61. Bb7 Ba5 (61... Kxa4 62. Bf3 Kb3 63. Ba8 Ba5 64. Bg2 Kb2 65. Bh1 Kc1 66. Ke2 {otherwise the Bl K will pickoff the B if allowed to get near the h pawn} Kc2 67. Be4+ Kc3 68. Bd5 d3+ 69. Kd1 d2 70. Bg2 Kxc4 {etc})) 1/2-1/2